Premier League 20 Years - Best Goal Quiz Stats

Quiz not verified by Sporcle

Challenge
Share
Tweet
Embed
Score 0/10 Timer 04:00
0 Plays Today
Team Player % Correct
Arsenal Thierry Henry
97.1%
Manchester United Wayne Rooney
97.1%
SouthamptonMatthew Le Tissier
96.1%
SouthamptonMatthew Le Tissier
96.1%
Newcastle United Alan Shearer
95.1%
Manchester UnitedDavid Beckham
92.2%
Arsenal Dennis Bergkamp
92.2%
Manchester UnitedEric Cantona
90.3%
Leeds UnitedTony Yeboah
81.6%
West Ham United Paolo Di Canio
62.1%

You're not logged in!

Compare scores with friends on all Sporcle quizzes.
Join for Free
OR
Log In

You Might Also Like...

Show Comments

Extras

Top Quizzes Today


Score Distribution

Your Account Isn't Verified!

In order to create a playlist on Sporcle, you need to verify the email address you used during registration. Go to your Sporcle Settings to finish the process.

Report this User

Report this user for behavior that violates our Community Guidelines.

Details: